Advancing sustainability in the off-highway equipment industry: Role of polymeric materials (Record no. 75637)

MARC details
000 -LEADER
fixed length control field 00590nam a22001577a 4500
100 ## - MAIN ENTRY--AUTHOR NAME
Personal name Maiti, M.
245 ## - TITLE STATEMENT
Title Advancing sustainability in the off-highway equipment industry: Role of polymeric materials
260 ## - PUBLICATION, DISTRIBUTION, ETC. (IMPRINT)
Name of publisher International Rubber Conference-Rubber Con 2024: Sustainable Development in Rubber Industry-Challenges and Opportunities, 5-7 December 2024, Indian Rubber Institute, Kochi, India, p. 82.
300 ## - PHYSICAL DESCRIPTION
Other physical details Abstract only
650 ## - SUBJECT ADDED ENTRY--TOPICAL TERM
Topical Term Sustainability
650 ## - SUBJECT ADDED ENTRY--TOPICAL TERM
Topical Term Polymer
650 ## - SUBJECT ADDED ENTRY--TOPICAL TERM
Topical Term Off-highway equipment
700 ## - ADDED ENTRY--PERSONAL NAME
Personal name Carter, K.
942 ## - ADDED ENTRY ELEMENTS (KOHA)
Koha item type Journals
Holdings
Withdrawn status Lost status Damaged status Not for loan Home library Current library Date acquired Koha item type
        RRII Library RRII Library 23/09/2025 Journals